Oeuvres de fiction où le personnage de Merlin apparaît - Statistiques

Statistiques générales
  • Ce quiz a été pris 44 fois
  • Le résultat moyen est 5 sur 16
Statistiques - réponses
Indications sur l'univers Univers % Correct
Dans cette série, Merlin parleavec un dragon qui est sous le château de Camelot Merlin
100%
Il est cité en tant que personnage légendaire,a une carte de Chocogrenouille, et donne son nom à l'Ordre de Merlin Harry Potter
76%
A pour féroce ennemie Mme Mim Merlin l'Enchanteur
58%
Il est le magicien officiel du château,mais ne fait que des bourdes dans cette série Kaamelott
53%
Ami d'Arthur, héritier du trône de Fort Fort Lointain Shrek le troisième
47%
C'est dans cet ensemble de textes qu'il apparaîtpour la première fois, en tant qu'ami et conseiller du Roi Arthur Légende arthurienne
32%
Surnommé "Le Sorcier", il a réussià extraire les ténèbres du coeur du précédent Ténébreux Once upon a time
21%
La Fée Morgane fait rencontrer Merlin aux héros Tom et Léa, qui voyagent dans le temps La Cabane Magique
18%
En tant que personnage Disney, il apparaîtdans ce jeu vidéo crossover de personnages Disney Kingdom Hearts
16%
Ici, Merlin est une femme, protectrice du roi Arthur, mais surtout une membre d'un ordre légendaire de chevaliers, dont le surnom est "Le Sanglier de la Gourmandise" Seven Deadly Sins
11%
Comédie musicale de Broadway avec Merlin Camelot
8%
Jeu de cartes où Merlin est un Monstre de typeMagicien Yu-Gi-Oh!
8%
Merlin apparaît aussi dans cette série de livres qui demande au joueur de faire des choix qui conditionneront l'aventure Un livre dont vous êtes le héros
5%
Ambrosinus y est le protecteur du dernierempereur de Rome La Dernière légion
3%
Jeu de cartes mettant en scène le Merlin de Disney, où il est affublé du surnom "Visionnaire éclairé" Lorcana
3%
Merlina est la successeure de Merlin, et a fait venirSonic au château de Camelot car elle a besoin de son aide Sonic et le Chevalier Noir
3%
Aucun quiz correspondant
Distribution des résultats
% des personnes avec chaque résultat
Percentile par nombre de réponses
Votre historique - résultats
Vous n’avez pas pris ce quiz